000 00959cam a2200241 4500
001 6276
005 20181127181308.0
010 _a 2016317862
020 _a9789351777878 (hardback)
100 1 _aMahajan, Karan.
_e
245 1 4 _aThe association of small bombs /
_cKaran Mahajan.
264 1 _aNoida, Uttar Pradesh, India :
_bFourth Estate,
_c2016.
300 _a276 pages ;
_c22 cm
336 _atext
_btxt
_2rdacontent
337 _aunmediated
_bn
_2rdamedia
338 _avolume
_bnc
_2rdacarrier
500 _aNovel.
520 _aOn after witnessing his two friends killed by a ""small"" bomb that detonated in a Dehli marketplace, Mansoor Ahmed becomes involved with a charismatic young activist, whose allegiances and beliefs are more changeable than he could have imagined.
530 _aAlso available as an e-book.
650 0 _aBombings
_zIndia
_vFiction.
650 0 _aTerrorism
_zIndia
_vFiction.
650 0 _aVictims of terrorism
_zIndia
_vFiction.
999 _c5301
_d5301